Kluby piłkarskie z Londynu - Statystyki

Ogólne statystyki
  • Ten quiz został rozwiązany 67 razy
  • Średni wynik to 7 z 17
Statystyki odpowiedzi
Klub % Poprawnych
Chelsea
100%
Arsenal
97%
Tottenham
88%
West Ham
83%
Fulham
72%
Crystal Palace
58%
Brentford
50%
QPR
33%
Millwall
30%
AFC Wimbledon
25%
Leyton Orient
8%
Bromley
5%
Charlton Athletic
5%
Barnet
3%
Sutton United
3%
Dagenham & Redbridge
2%
Wealdstone
0%
Nie znaleziono quizów pasujących do podanych kryteriów
Rozkład punktacji
Procent ludzi z każdym wynikiem
Percentyl według liczby udzielonych odpowiedzi
Twoja historia wyników
Nie rozwiązałeś tego quizu